000 00295nam a22001337a 4500
008 170907b xxu||||| |||| 00| 0 eng d
020 _a9780816021864
041 _aeng
080 _a91
100 _a42
101 _aGJEO
245 _aTHE ATLAS OF THE GRUSADES
_cSMITH,J.R
942 _2udc
_cBK
999 _c26590
_d26590